Địa danh kháng chiến Nam Bộ
Сохранить в:
| Главный автор: | |
|---|---|
| Другие авторы: | |
| Формат: | |
| Язык: | Undetermined |
| Опубликовано: |
H.
Văn học
2015
|
| Предметы: | |
| Online-ссылка: | http://lrc.tdmu.edu.vn/opac/search/detail.asp?aID=2&ID=25546 |
| Метки: |
Добавить метку
Нет меток, Требуется 1-ая метка записи!
|
| Thư viện lưu trữ: | Trung tâm Học liệu Trường Đại học Thủ Dầu Một |
|---|
| LEADER | 00700nam a2200205Ia 4500 | ||
|---|---|---|---|
| 001 | TDMU_25546 | ||
| 008 | 210410s9999 xx 000 0 und d | ||
| 082 | |a 959.77 | ||
| 090 | |b M312 | ||
| 100 | |a Minh Khánh | ||
| 245 | 0 | |a Địa danh kháng chiến Nam Bộ | |
| 245 | 0 | |c Minh Khánh, Hạnh Nguyên | |
| 260 | |a H. | ||
| 260 | |b Văn học | ||
| 260 | |c 2015 | ||
| 300 | |a 207tr. | ||
| 650 | |a Lịch sử |x Địa danh |z Nam Bộ (Việt Nam); Lịch sử |x Kháng chiến |z Nam Bộ (Việt Nam) | ||
| 700 | |a Hạnh Nguyên | ||
| 856 | |u http://lrc.tdmu.edu.vn/opac/search/detail.asp?aID=2&ID=25546 | ||
| 980 | |a Trung tâm Học liệu Trường Đại học Thủ Dầu Một | ||